01435nam a22001817a 4500008004100000020001800041040000800059041001300067100002600080245013700106260011300243300002400356490003200380520068900412650006001101650003901161650005301200250625b |||||||| |||| 00| 0 eng d a9798334023819 ctbs aengajpn aBolen, Jackieeauthor aLearn English with Japaneseb: high-beginner English conversation lessons for Japanese speakers (with translations)c/ Jackie Bolen. a[Place of publication not identified] :b[Publisher not identified], c[date of publication not identified]. a210 pages ;c25 cm. aLearn English with Japanese aLearn English with Japanese in a fun and interesting way! It can be difficult to find easy dialogues for English learners with Japanese translations. That’s where this book comes in! These conversations are easy to read, contain simple questions and answers, and the Japanese translation, in case you need it. Buy a copy of the book if you want to: Learn English through Japanese — Pick up some new phrases and expressions — See similar vocabulary words over and over again — Spend some time reading material at your level — See how people speak English in real life — Gain some confidence for your next trip — Level up your English language skills in a big way. 0aEnglish language xStudy and teachingxForeign speakers 0aEnglish languagexSelf-instruction 0aEnglish languagevTextbooks for foreign speakers